Which country does that city belong to? - Statistics

General Stats
  • This quiz has been taken 32 times
  • The average score is 10 of 15
Answer Stats
Question Answer % Correct
Milan is from.. Italy
100%
Which country does Nice come from France
83%
Where is Nagoya Japan
83%
Where is Valletta from Malta
83%
Which country is Kathmandu from Nepal
83%
Where is Kano from Nigeria
83%
Which country does Lyon come from France
67%
Where is Medan from Indonesia
67%
Which country is Basra from Iraq
67%
Which country is Voronezh from Russia
67%
Where is Chennai from India
50%
Which country does Bamako come from Mali
50%
Which country does Yangon come from Myanmar
50%
Where does Zaporizhia come from Ukraine
50%
Which country does Quetta come from Pakistan
17%
No matching quizzes found
Score Distribution
Percent of People with Each Score
Percentile by Number Answered
Your Score History
You have not taken this quiz